Compendio de derecho aeronáutico

Uloženo v:
Podrobná bibliografie
Hlavní autor: Lena Paz, Juan A (Autor)
Médium: Kniha
Jazyk:španělština
Vydáno: Buenos Aires Bibliográfica Argentina 1959
Vydání:2a. ed
Témata:
Tagy: Přidat tag
Žádné tagy, Buďte první, kdo vytvoří štítek k tomuto záznamu!

MARC

LEADER 00000nam a2200000 a 4500
001 UCS1670
003 CL-VaPUC
008 970515e19590000AG |||||||||||||||||spa|d
082 0 4 |a 343.097  |b LEN  |2 21 
100 0 |a Lena Paz, Juan A  |e author  |9 386343 
245 1 0 |a Compendio de derecho aeronáutico 
250 |a 2a. ed 
300 |a 335 p 
942 |c BK 
945 |d 19970515 00:00:00  |a cmena 
260 |a Buenos Aires  |b Bibliográfica Argentina  |c 1959 
650 0 |a Derecho aéreo  |9 260765 
650 0 |a Derecho público   |9 255910 
650 0 |a Derecho privado  |9 258243 
650 0 |a Derecho internacional  |9 255637 
650 0 |a Derecho argentino  |9 385298 
650 7 |a AVIACION CIVIL  |2 CL-VaPUC  |9 386344 
650 7 |a ESPACIO AEREO  |2 CL-VaPUC  |9 336784 
650 0 |a Transportes aéreos  |9 260842 
650 0 |a Aeronaves  |9 381560 
650 0 |a Contratos  |9 255153 
650 7 |a SEGUROS  |2 CL-VaPUC  |9 386345 
650 7 |a SEGURO AEREO  |2 CL-VaPUC  |9 386346 
650 7 |a RESPONSABLIDAD AEREA  |2 CL-VaPUC  |9 386347 
650 7 |a DERECHO PENAL  |2 CL-VaPUC  |9 11 
651 0 |a Argentina  |9 254888 
583 |a last modification  |c 19970515 00:00:00  |k Rodrigo Vera 
999 |c 259704  |d 259702 
952 |0 0  |1 0  |4 0  |6 343_097000000000000_LEN_1959  |7 0  |8 A  |9 284949  |a BIBDER  |b BIBDER  |d 2019-11-19  |i 1854631  |o 343.097 LEN 1959  |p 1854631  |r 2023-01-25  |w 2019-11-19  |y BK  |k DER